Logo BPK

Biblioteka

Politechniki Koszalińskiej

Turystyka wiejska a rozwój i współpraca regionów : (Rekord nr 46899)

Szczegóły MARC
000 -ETYKIETA REKORDU
podpole kontrolne o stałej długości 01386nam a2200289 i 4500
001 - NUMER KONTROLNY REKORDU
pole kontrolne bg
020 ## - MIĘDZYNARODOWY ZNORMALIZOWANY NUMER KSIĄŻKI - ISBN
ISBN 8389295857
040 ## - ŹRÓDŁO KATALOGOWANIA
Instytucja, która utworzyła rekord BPK
041 0# - KOD JĘZYKA
Kod języka tekstu pol
Kod języka streszczenia lub abstraktu eng
080 ## - UNIWERSALNA KLASYFIKACJA DZIESIĘTNA - UKD
UKD 338.43:338.48(061)
920 ## - Międzynarodowy znormalizowany numer książki – ISBN
ISBN 83-89295-85-7
008 - POLE O STAŁEJ DŁUGOŚCI - DANE KONTROLNE
podpole kontrolne o stałej długości s pl f |000 0 pol
245 00 - TYTUŁ/ODPOWIEDZIALNOŚĆ
Tytuł Turystyka wiejska a rozwój i współpraca regionów :
Ciąg dalszy tytułu materiały Sesji Naukowej zorganizowanej w ramach XI Ogólnopolskiego Sympozjum Agroturystycznego Iwonicz Zdrój 27-29 września 2005 /
Pozostałe elementy strefy tytułu i oznaczenia odpowiedzialności Państwowa Wyższa Szkoła Zawodowa w Krośnie, Centrum Doradztwa Rolniczego w Brwinowie. Oddział w Krakowie, Podkarpacke Stowarzyszenie Agroturystyczne "Gospodarstwa Gościnne".
246 1# - WARIANT TYTUŁU
Tytuł XI Ogólnopolskie Sympozjum Agroturystyczne
260 ## - STREFA ADRESU WYDAWNICZEGO
Miejsce wydania Krosno :
Nazwa wydawcy/dystrybutora Państwowa Wyższa Szkoła Zawodowa,
Data publikacji, dystrybucji/powstania dokumentu 2005.
300 ## - STREFA OPISU FIZYCZNEGO
Objętość 400 s. :
Inne cechy fizyczne wykr. ;
Rozmiary 24 cm.
490 1# - STREFA SERII I DOKUMENTU WIELOCZĘŚCIOWEGO - FORMA NIE DO WYSZUKIWANIA
Tytuł i oznaczenie odpowiedzialności serii Prace Naukowo-Dydaktyczne Państwowej Wyższej Szkoły Zawodowej w Krośnie ;
Numeracja w obrębie serii z. 15
500 ## - UWAGI OGÓLNE
Tekst uwagi Streszcz. ang. przy ref.
504 ## - UWAGA DOTYCZĄCA BIBLIOGRAFII
Informacje o bibliografii Bibliogr. przy ref.
650 #9 - HASŁO PRZEDMIOTOWE W FORMIE NAZWY OGÓLNEJ LUB JEDNOSTKOWEJ
Nazwa ogólna lub geograficzna Agroturystyka
655 ## - TERMIN INDEKSOWY - OKREŚLENIE RODZAJU/FORMY DOKUMENTU
Określenie rodzaju/formy dokumentu Materiały konferencyjne
710 #0 - HASŁO DODATKOWE - NAZWA CIAŁA ZBIOROWEGO
Nazwa ciała zbiorowego lub jednostki geograficznej Państwowa Wyższa Szkoła Zawodowa (Krosno)
710 #0 - HASŁO DODATKOWE - NAZWA CIAŁA ZBIOROWEGO
Nazwa ciała zbiorowego lub jednostki geograficznej Centrum Doradztwa Rolniczego (Brwinów)
710 #0 - HASŁO DODATKOWE - NAZWA CIAŁA ZBIOROWEGO
Nazwa ciała zbiorowego lub jednostki geograficznej Podkarpackie Stowarzyszenie Agroturystyczne "|Gospodarstwo Gościnne"
830 ## - HASŁO DODATKOWE SERII LUB DOKUMENTU WIELOCZĘŚCIOWEGO - TYTUŁ UJEDNOLICONY
Tytuł ujednolicony Prace Naukowo-Dydaktyczne Państwowej Wyższej Szkoły Zawodowej w Krośnie ;
856 ## - LOKALIZACJA I DOSTĘP DO ELEKTRONICZNYCH DOKUMENTÓW ZDALNYCH
Link (URL) http://koha.tu.koszalin.pl/cgi-bin/koha/opac-detail.pl?biblionumber=46899
Tekst linku Katalog online BPK
942 ## - DODATKOWE ELEMENTY (KOHA)
Typ dokumentu Książka
Egzemplarze
Wycofany Status egzemplarza Uszkodzony Dostępność Lokalizacja stała Lokalizacja bieżąca Miejsce przechowywania Sygnatura Kod kreskowy Dział Typ dokumentu
      Tylko na miejscu Biblioteka Politechniki Koszalińskiej Biblioteka Politechniki Koszalińskiej Czytelnia Wydziałowa ul. Kwiatkowskiego 6e 77241 02296050 338.43 Ekonomika rolnictwa. Gospodarka żywnościowa Książka
© 2023 Biblioteka Politechniki Koszalińskiej :: KOHA